Countries by Google-Translated ChatGPT Summary #1 - Statistics

General Stats
  • This quiz has been taken 11 times
  • The average score is 8 of 20
Answer Stats
Chat GPT and Google Translate Outcome Chat GPT's intended sentence Answer % Correct
We see the sunny lifestyles and good jobs in the city and the sea, in the city of the ancients Land of the pyramids and ancient civilizations Egypt
89%
There are friends in the city, on the beach, good food, good conversations, and knowledge Known for great art, delicious food, and rich history. Italy
56%
The city, with its seaside roundabouts, has long lakes, and people live well An island with unique wildlife and baobab trees Madagascar
56%
In that city, in the Sahara, all the languages of all the people, we see ancient cities everywhere This country is near the Sahara Desert, home to many ancient trading cities and rich cultural traditions Mali
56%
In a city, with thousands of countries disappearing, we see forgotten women’s lives, forgotten gaps This country has more than seven thousand islands, with very long coastlines and many coral reefs Philippines
56%
The city, from the cities that is the views of the four countries, is deserted, the Nile River is sinking This country is known for its deserts and the Nile River flowing through it Sudan
56%
In that city, the mountains in the star lake are good, we see good descents, the uranium burns there are good things Located in the desert, this country has rich uranium mines and important natural resources Niger
44%
The city has river valleys, people who want to live well, the Serengeti Forest and Mount Kilimanjaro Known for vast plains, abundant wildlife, and Mount Kilimanjaro Tanzania
44%
There is a great history of the town, the lives of the local men from the good hero Famous for its rice fields and long cultural history with many traditional peoples Vietnam
44%
In the city, we see river walks, beautiful mountains on the sea, jobs and good life. In this country, many rivers flow, hot springs bubble, and the natural environment supports good living Dominica
33%
The local, sea life, great views from the houses, the history of the town is good A small island nation with beautiful historic buildings and a rich cultural heritage Malta
33%
There are waterfalls in the city and on the road, and everyone is singing their lives A very small island country with few mountains but people live there and have unique traditions Nauru
33%
The city, the sea, is known for its good friends, the ancient Inca cities, and the forests are good Known for ancient temples and tropical forests Cambodia
22%
The people of the city and the river want to live well, and we see beautiful things in the lake People live well in this Caribbean island surrounded by the sea, known for its natural beauty Grenada
22%
In that city, we see river valleys, ancient towns, there are all the words This desert country is famous for ancient ruins and important historical sites Jordan
22%
In that city, we see rivers, empty rivers, awesome livelihoods, and mining This country has dense tropical rainforests, rich mineral deposits, and abundant wildlife Republic of Congo
22%
In that city, on the sunny sea, the cultures and languages of the great cities are disappearing This country has advanced cities by the sea and a rich cultural heritage South Korea
22%
Friends in the city, on the sea, people who want to live well, awesome sights Landlocked with many wildlife parks and diverse animal species Zimbabwe
22%
The city, from the great flowering knowledge, the towns of good life, the empty are good Small mountainous country with many flowers and hikers Andorra
11%
In the city, there are big ports, good spaces, beautiful houses, local food This country is famous for its big ports, beautiful gardens, and urban life Singapore
11%
No matching quizzes found
Score Distribution
Percent of People with Each Score
Percentile by Number Answered
Your Score History
You have not taken this quiz